Un aporte a la investigación empírica (Registro nro. 16801)
[ vista simple ]
| 000 -LEADER | |
|---|---|
| fixed length control field | 00548 a2200169 4500 |
| 001 - CONTROL NUMBER | |
| control field | ART_6781 |
| 005 - DATE AND TIME OF LATEST TRANSACTION | |
| control field | 20260410161719.0 |
| 008 - FIXED-LENGTH DATA ELEMENTS--GENERAL INFORMATION | |
| fixed length control field | 260409a |
| 100 1# - MAIN ENTRY--PERSONAL NAME | |
| Personal name | García Casella, Carlos Luis |
| 245 10 - TITLE STATEMENT | |
| Title | Un aporte a la investigación empírica |
| 700 1# - ADDED ENTRY--PERSONAL NAME | |
| Personal name | Rodríguez de Ramírez, María del Carmen |
| 700 1# - ADDED ENTRY--PERSONAL NAME | |
| Personal name | Canetti, Miguel Marcelo |
| 700 1# - ADDED ENTRY--PERSONAL NAME | |
| Personal name | Felella, María Rosa |
| 700 1# - ADDED ENTRY--PERSONAL NAME | |
| Personal name | Gnus, Rodolfo Gustavo |
| 700 1# - ADDED ENTRY--PERSONAL NAME | |
| Personal name | Kwasnycia, Patricia |
| 773 0# - HOST ITEM ENTRY | |
| Title | Contabilidad y auditoría |
| Related parts | - Año 1, Nº 1 (dic. 1995) |
| Record control number | REV1723 |
No hay ítems disponibles.